000 00373nam a22001457a 4500
999 _c12547
_d12547
008 210205b ||||| |||| 00| 0 eng d
082 0 0 _a813.52
_bS2468
100 _94696
_aSaroyan, William
245 1 0 _aMy name is Aram /
_cby William Saroyan
250 _a1st ed.
260 _aLondon:
_bFaber and Faber,
_c?
300 _a255p.
650 0 _aEnglish fiction
942 _cBK